Catalog

Record Details

Catalog Search



Available copies

  • 3 of 3 copies available at LARL/NWRL Consortium.
  • 3 of 3 copies available at Lake Agassiz Regional Library. (Show preferred library)

Current holds

0 current holds with 3 total copies.

Show Only Available Copies
Location Call Number / Copy Notes Barcode Shelving Location Status Due Date
Ada Public Library J TRI (Text) 33500012443321 Main Available -
Bagley Public Library J TRI (Text) 33500012443339 Main Available -
Detroit Lakes Public Library J TRI (Text) 33500012443313 Main Available -

Record details

  • ISBN: 1609588622
  • ISBN: 9781609588625
  • Physical Description: 165 pages ; 19 cm.
  • Publisher: Middleton, WI : American Girl, [2017]

Content descriptions

General Note:
"1774"--Cover.
"American Girl"--Cover.
Summary, etc.:
"When Felicity overhears a plot against the ... Read More
Target Audience Note:
8+
Subject: Friendship > Juvenile fiction.
Families > Juvenile fiction.
Apprentices > Juvenile fiction.
Williamsburg (Va.) > History > Colonial period, ca. 1600-1775 > Juvenile fiction.
Family life > Fiction.
Historical fiction.
LDR 01938cam a2200433K 4500
001237592
003LARL_NWRL_CONSORTIUM
00520180215144006.0
008160919s2017 wiu 000 0 eng d
020 . ‡a1609588622
020 . ‡a9781609588625
035 . ‡a(OCoLC)958449129
1001 . ‡aTripp, Valerie, ‡d1951- ‡eauthor. ‡0(LARL_NWRL_CONSORTIUM)86594
24512. ‡aA stand for independence : ‡ba Felicity classic. ‡n#2 / ‡cby Valerie Tripp.
264 1. ‡aMiddleton, WI : ‡bAmerican Girl, ‡c[2017]
300 . ‡a165 pages ; ‡c19 cm.
336 . ‡atext ‡btxt ‡2rdacontent
337 . ‡aunmediated ‡bn ‡2rdamedia
338 . ‡avolume ‡bnc ‡2rdacarrier
4900 . ‡aAmerican Girl Beforever Felicity ; ‡v2
4900 . ‡aFelicity classic ; ‡v2
500 . ‡a"1774"--Cover.
500 . ‡a"American Girl"--Cover.
5211 . ‡a8+
520 . ‡a"When Felicity overhears a plot against the colonists, no one believes her but Ben, her father's apprentice. So the two risk great danger to warn the colonists themselves. Soon afterward, Felicity finds a secret note from Ben. He has run away to join George Washington's army, and he is injured. Felicity is worried about him but knows it would be wrong to help a runaway apprentice. Then she is turned away from the door of her best friend, Elizabeth. Will the war for independence come between Felicity and her friends?"--Publisher.
650 0. ‡aFriendship ‡vJuvenile fiction. ‡0(LARL_NWRL_CONSORTIUM)164914
650 0. ‡aFamilies ‡vJuvenile fiction. ‡0(LARL_NWRL_CONSORTIUM)164956
650 0. ‡aApprentices ‡vJuvenile fiction.
651 0. ‡aWilliamsburg (Va.) ‡xHistory ‡yColonial period, ca. 1600-1775 ‡vJuvenile fiction.
650 1. ‡aFamily life ‡vFiction.
650 1. ‡aHistorical fiction. ‡0(LARL_NWRL_CONSORTIUM)22198
901 . ‡a237592 ‡b ‡c237592 ‡tbiblio

Additional Resources